Privacy, Security, and Trust in KDD First ACM SIGKDD International Workshop, PinKDD 2007, San Jose, CA, USA, August 12, 2007, Revised Selected Papers /

Bibliographic Details
Corporate Author: SpringerLink (Online service)
Other Authors: Bonchi, Francesco (Editor), Ferrari, Elena (Editor), Malin, Bradley (Editor), Saygin, Yücel (Editor)
Format: Electronic eBook
Language:English
Published: Berlin, Heidelberg : Springer Berlin Heidelberg, 2008.
Series:Lecture Notes in Computer Science, 4890
Subjects:
Online Access:Full Text via HEAL-Link
LEADER 02871nam a22006015i 4500
001 978-3-540-78478-4
003 DE-He213
005 20151204144942.0
007 cr nn 008mamaa
008 100301s2008 gw | s |||| 0|eng d
020 |a 9783540784784  |9 978-3-540-78478-4 
024 7 |a 10.1007/978-3-540-78478-4  |2 doi 
040 |d GrThAP 
050 4 |a QA76.9.A25 
072 7 |a UR  |2 bicssc 
072 7 |a UTN  |2 bicssc 
072 7 |a COM053000  |2 bisacsh 
082 0 4 |a 005.8  |2 23 
245 1 0 |a Privacy, Security, and Trust in KDD  |h [electronic resource] :  |b First ACM SIGKDD International Workshop, PinKDD 2007, San Jose, CA, USA, August 12, 2007, Revised Selected Papers /  |c edited by Francesco Bonchi, Elena Ferrari, Bradley Malin, Yücel Saygin. 
264 1 |a Berlin, Heidelberg :  |b Springer Berlin Heidelberg,  |c 2008. 
300 |a IX, 173 p.  |b online resource. 
336 |a text  |b txt  |2 rdacontent 
337 |a computer  |b c  |2 rdamedia 
338 |a online resource  |b cr  |2 rdacarrier 
347 |a text file  |b PDF  |2 rda 
490 1 |a Lecture Notes in Computer Science,  |x 0302-9743 ;  |v 4890 
505 0 |a Invited Paper -- An Ad Omnia Approach to Defining and Achieving Private Data Analysis -- Contributed Papers -- Phoenix: Privacy Preserving Biclustering on Horizontally Partitioned Data -- Allowing Privacy Protection Algorithms to Jump Out of Local Optimums: An Ordered Greed Framework -- Probabilistic Anonymity -- Website Privacy Preservation for Query Log Publishing -- Privacy-Preserving Data Mining through Knowledge Model Sharing -- Privacy-Preserving Sharing of Horizontally-Distributed Private Data for Constructing Accurate Classifiers -- Towards Privacy-Preserving Model Selection -- Preserving the Privacy of Sensitive Relationships in Graph Data. 
650 0 |a Computer science. 
650 0 |a Computer communication systems. 
650 0 |a Computer security. 
650 0 |a Data mining. 
650 0 |a Computers and civilization. 
650 0 |a Computers. 
650 0 |a Law and legislation. 
650 1 4 |a Computer Science. 
650 2 4 |a Systems and Data Security. 
650 2 4 |a Information Systems Applications (incl. Internet). 
650 2 4 |a Data Mining and Knowledge Discovery. 
650 2 4 |a Computer Communication Networks. 
650 2 4 |a Computers and Society. 
650 2 4 |a Legal Aspects of Computing. 
700 1 |a Bonchi, Francesco.  |e editor. 
700 1 |a Ferrari, Elena.  |e editor. 
700 1 |a Malin, Bradley.  |e editor. 
700 1 |a Saygin, Yücel.  |e editor. 
710 2 |a SpringerLink (Online service) 
773 0 |t Springer eBooks 
776 0 8 |i Printed edition:  |z 9783540784777 
830 0 |a Lecture Notes in Computer Science,  |x 0302-9743 ;  |v 4890 
856 4 0 |u http://dx.doi.org/10.1007/978-3-540-78478-4  |z Full Text via HEAL-Link 
912 |a ZDB-2-SCS 
912 |a ZDB-2-LNC 
950 |a Computer Science (Springer-11645)